=LDR 00000nam 2200000 4500 =001 INLIS000000000009595 =005 20200304123047 =035 ##$$a 0010-061300000009595 =008 200304################g##########0#ind## =041 ##$$a Ind =082 ##$$a 291.171 =090 ##$$a 291.171, ab a =100 ##$$a Abdillah, Mujiyono =245 1#$$a Agama Ramah Lingkugan : $b Perspektif al-qur'an /$c Mujiyono abdillah =260 ##$$a Jakarta :$b Paramadina,$c 2001 =300 ##$$a Xliv, 235 hlm ; $c 13, 5 x 20 cm =650 #4$$a Agama dan Sosiologi =850 ##$$a NBPNMAT =020 ##$$a 979-8321-57-x =084 ##$$a 291.171 ABD a =250 ##$$a Cet. 1 =500 ##$$a Bibliogarfi : hlm. 225 - 231 =504 ##$$a Indeks : hlm. 233 - 235 =990 ##$$a 171.190/Pro- 2002 =990 ##$$a DW00026796 =990 ##$$a DW00026797 =990 ##$$a 0050/BPAP-NTB/2015 =990 ##$$a DW00026796 =990 ##$$a 171.190/Pro- 2002 =990 ##$$a DW00026797 =990 ##$$a 0050/BPAP-NTB/2015 =990 ##$$a DW00026797 =990 ##$$a 171.190/Pro- 2002 =990 ##$$a DW00026796 =990 ##$$a 0050/BPAP-NTB/2015 =990 ##$$a 0050/BPAP-NTB/2015 =990 ##$$a 171.190/Pro- 2002 =990 ##$$a DW00026796 =990 ##$$a DW00026797 =990 ##$$a 0050/BPAP-NTB/2015 =990 ##$$a 171.190/Pro- 2002 =990 ##$$a DW00026796 =990 ##$$a DW00026797 =990 ##$$a DW00026796 =990 ##$$a 171.190/Pro- 2002 =990 ##$$a DW00026797 =990 ##$$a 0050/BPAP-NTB/2015 =990 ##$$a 171.190/Pro- 2002 =990 ##$$a DW00026796 =990 ##$$a DW00026797 =990 ##$$a 0050/BPAP-NTB/2015 =990 ##$$a 171.191/Pro- 2002 =990 ##$$a 171.190/Pro- 2002 =990 ##$$a DW00026797 =990 ##$$a 0050/BPAP-NTB/2015 =990 ##$$a 171.192/Pro- 2002 =990 ##$$a 171.190/Pro- 2002 =990 ##$$a 171.191/Pro- 2002 =990 ##$$a 0050/BPAP-NTB/2015 =990 ##$$a 0050/BPAP-NTB/2015 =990 ##$$a 171.190/Pro- 2002 =990 ##$$a 171.191/Pro- 2002 =990 ##$$a 171.192/Pro- 2002